Geometría descriptiva

Saved in:
Bibliographic Details
Main Author: Di Pietro, Donato (Author)
Format: Book
Language:Spanish
Published: Buenos Aires Alsina 1960
Edition:3a. ed
Subjects:
Tags: Add Tag
No Tags, Be the first to tag this record!

MARC

LEADER 00000nam a2200000 a 4500
001 UCX1357
003 CL-VaPUC
008 900809e19600000AG |||||||||||||||||spa|d
082 0 4 |a 516.6  |b DIP  |2 21 
100 0 |a Di Pietro, Donato  |e author  |9 316838 
245 1 0 |a Geometría descriptiva 
250 |a 3a. ed 
300 |a 401 p 
942 |c BK 
945 |d 19900809 00:00:00 
260 |a Buenos Aires  |b Alsina  |c 1960 
650 7 |a GEOMETRIA DESCRIPTIVA  |2 CL-VaPUC  |9 260478 
583 |a last modification  |c 19900809 00:00:00  |k Rodrigo Vera 
999 |c 222613  |d 222611 
952 |0 0  |1 0  |4 0  |6 516_600000000000000_DIP_1960  |7 0  |8 A  |9 217605  |a BIBCUR  |b BIBCUR  |d 2019-11-15  |i 2865203  |o 516.6 DIP 1960  |p 2865203  |r 2025-04-22  |w 2019-11-15  |y BK  |k BCB